Szczyty tatrzańskie - Statystyki

Ogólne statystyki
  • Ten quiz został rozwiązany 768 razy
  • Średni wynik to 22 z 88
Statystyki odpowiedzi
Wysokość Kraj Szczyt % Poprawnych
1 2503m Polska/Słowacja Rysy
99%
60 1894m Polska Giewont
83%
7 2301m Polska/Słowacja Świnica
81%
53 1987m Polska/Słowacja Kasprowy Wierch
80%
8 2291m Polska Kozi Wierch
75%
87 1206m Polska Nosal
62%
25 2155m Polska Kościelec
60%
2 2495m Słowacja Krywań
60%
51 2005m Polska/Słowacja Kopa Kondracka
59%
76 1653m Polska/Słowacja Grześ
58%
41 2064m Polska/Słowacja Wołowiec
57%
36 2096m Polska/Słowacja Ciemniak
53%
35 2096m Polska/Słowacja Małołączniak
53%
21 2172m Polska/Słowacja Szpiglasowy Wierch
53%
33 2122m Polska/Słowacja Krzesanica
52%
10 2248m Słowacja Bystra
51%
11 2240m Polska Zadni Granat
49%
62 1879m Polska/Słowacja Rakoń
48%
20 2176m Polska/Słowacja Starorobociański Wierch
47%
82 1377m Polska Sarnia Skała
46%
16 2225m Polska Skrajny Granat
42%
81 1490m Polska Gęsia Szyja
41%
66 1854m Polska Ornak
41%
13 2234m Polska Pośredni Granat
41%
3 2452m Słowacja Sławkowski Szczyt
38%
49 2012m Polska/Słowacja Beskid
37%
4 2429m Słowacja Mała Wysoka
33%
70 1765m Polska Trzydniowiański Wierch
33%
72 1758m Polska Trzydniowiański Wierch
33%
28 2137m Słowacja Jarząbczy Wierch
31%
52 2002m Polska/Słowacja Kończysty Wierch
31%
5 2363m Słowacja Koprowy Wierch
31%
15 2228m Polska Mały Kozi Wierch
28%
85 1328m Polska Wielki Kopieniec
28%
14 2229m Słowacja Jagnięcy Szczyt
25%
9 2263m Polska Kozie Czuby
23%
12 2239m Polska Kozie Czuby
23%
38 2088m Słowacja Rohacz Ostry
22%
32 2126m Słowacja Rohacz Płaczliwy
22%
65 1866m Polska Mały Kościelec
19%
18 2185m Słowacja Baraniec
18%
69 1805m Słowacja Siwy Wierch
17%
19 2178m Słowacja Banówka
16%
86 1226m Polska Boczań
14%
83 1360m Polska Myślenickie Turnie
14%
64 1867m Polska Zadni Ornak
14%
22 2167m Słowacja Pachoł
13%
24 2159m Polska Kazalnica
12%
34 2117m Słowacja Skrajne Solisko
12%
23 2166m Słowacja Hruba Kopa
11%
17 2194m Słowacja Raczkowa Czuba
11%
54 1965m Polska/Słowacja Siwy Zwornik
11%
56 1934m Słowacja Brestowa
10%
6 2312m Słowacja Koprowe Ramię
9%
44 2048m Słowacja Salatyński Wierch
9%
63 1875m Polska Świstowa Kopa
9%
45 2046m Słowacja Mały Salatyn
8%
74 1714m Słowacja Ostredok
8%
75 1674m Słowacja Ostredok
8%
40 2072m Słowacja Smrek
8%
37 2095m Słowacja Wyżnia Magura
8%
27 2142m Słowacja Jałowiecki Przysłop
7%
55 1947m Słowacja Mały Baraniec
7%
58 1920m Słowacja Niżnia Magura
7%
47 2026m Polska Twarda Kopa
7%
79 1566m Słowacja Babki
6%
46 2044m Słowacja Klin
6%
43 2050m Słowacja Pośrednia Magura
6%
78 1573m Słowacja Róg
6%
39 2083m Słowacja Spalona Kopa
6%
68 1832m Polska Suchy Wierch Ornaczański
6%
88 1203m Polska Upłaziański Wierszyk
6%
30 2129m Słowacja Drobna Kopa
5%
67 1840m Polska Kotłowa Czubka
5%
59 1903m Słowacja Mała Brestowa
5%
42 2052m Słowacja Nogawica
5%
71 1764m Słowacja Ostra
5%
29 2136m Słowacja Przednia Kopa
5%
61 1880m Słowacja Skrajny Salatyn
5%
26 2149m Słowacja Szczerbawy
5%
31 2128m Słowacja Szeroka Kopa
5%
84 1333m Polska Biała Czubka
4%
80 1555m Słowacja Klinowate
4%
48 2026m Słowacja Pośredni Przysłop
4%
57 1925m Słowacja Salatyńska Kopa
4%
77 1627m Słowacja Siwa Kopa
4%
50 2010m Słowacja Smutny Zwornik
4%
73 1748m Słowacja Zuberski Wierch
4%
Nie znaleziono quizów pasujących do podanych kryteriów
Rozkład punktacji
Procent ludzi z każdym wynikiem
Percentyl według liczby udzielonych odpowiedzi
Twoja historia wyników
Nie rozwiązałeś tego quizu